[Event "HCL-A079"]
[Site "www.playchess.de"]
[Date "2001.03.08"]
[Round "17"]
[White "celle"]
[Black "Gorodish"]
[WhiteElo "1700"]
[BlackElo "1699"]
[PlyCount "26"]
[Result "0-1"]

1.e4 e6 2.d4 d5 3.Nc3 Bb4 4.e5 c5 5.a3 Bxc3+ 
6.bxc3 Qa5 7.Bd2 c4 8.Qg4 g6 9.Nf3 Qa4 10.Kd1 Nc6 
11.Be2 b6 12.Qf4 Bb7 13.Bc1 Qa5 0-1

[Event "HCL-B184"]
[Site "www.playchess.de"]
[Date "2001.03.08"]
[Round "26"]
[White "iq160"]
[Black "Stefan"]
[WhiteElo "1349"]
[BlackElo "1383"]
[PlyCount "21"]
[Result "1-0"]

1.c4 Nf6 2.d4 e5 3.dxe5 Ng4 4.Nf3 Bc5 5.e3 Nc6 
6.a3 {I'm gonna have a break for a couple of days, 
so long.}  a5 7.b3 O-O 8.Bb2 Re8 9.Be2 Ncxe5 
10.Nxe5 Nxe5 11.O-O 1-0

[Event "ACL-A101"]
[Site "www.playchess.de"]
[Date "2001.03.08"]
[Round "7"]
[White "Gruhni"]
[Black "Mother_Teresa"]
[WhiteElo "1433"]
[BlackElo "1474"]
[PlyCount "69"]
[Result "1-0"]

1.e4 {Hello from Frankfurt in Germany!}  e5 {Hello 
from Arizona, USA}  2.Nf3 Nc6 3.Bc4 Bc5 4.d3 Nf6 
5.Nc3 d6 6.Bg5 Be6 7.Bxe6 fxe6 8.Nd5 O-O 9.Nxf6+ 
gxf6 10.Bh4 Kf7 11.Qd2 Ke7 12.Qh6 Rf7 13.Ng5 fxg5 
14.Bxg5+ Kd7 15.Bxd8 Bxf2+ 16.Kd2 Rxd8 17.Raf1 
Rdf8 18.c3 d5 19.Ke2 d4 20.a3 Be3 21.Rxf7+ Rxf7 
22.Qh5 Rf2+ 23.Ke1 Rxb2 24.Qf7+ Ne7 25.Rf1 Rb1+ 
26.Ke2 Rb2+ 27.Kd1 Bf4 28.cxd4 Rb1+ 29.Ke2 Rxf1 
30.Kxf1 h6 31.dxe5 Bxe5 32.h3 Kd6 33.Qf2 b6 34.d4 
Bg7 35.Qg3+ 1-0

[Event "ACL-A100"]
[Site "www.playchess.de"]
[Date "2001.03.08"]
[Round "20"]
[White "deepcover"]
[Black "mladsir"]
[WhiteElo "1696"]
[BlackElo "1523"]
[PlyCount "53"]
[Result "1-0"]

1.e4 c5 2.Nf3 Nc6 3.d4 cxd4 4.Nxd4 Nf6 5.Nc3 d6 
6.Bg5 e6 7.Qd2 a6 8.O-O-O Qc7 9.Nxc6 bxc6 10.Bxf6 
gxf6 11.Bc4 h5 12.f4 e5 13.Qd3 Rb8 14.Bxa6 Bxa6 
15.Qxa6 Kd7 16.g3 Bh6 17.Rhf1 Ke7 18.Kb1 Rb6 
19.Qc4 Qb7 20.fxe5 Rxb2+ 21.Ka1 Ra8 22.Rxf6 d5 
23.Qc5+ Ke8 24.Rxh6 Qb4 {Congratulations on a 
great game and i hope for revenge some day :)}  
25.Qxc6+ {Thanks. I'm sure we'll meet again! Best 
of luck to you.}  Kf8 26.Rh8+ Ke7 
27.Nxd5+ 1-0

[Event "HCL-B192"]
[Site "www.playchess.de"]
[Date "2001.03.08"]
[Round "7"]
[White "Jeff_Foster"]
[Black "rockmountain"]
[WhiteElo "1437"]
[BlackElo "761"]
[PlyCount "41"]
[Result "1-0"]

1.d4 d5 2.c4 Nf6 3.cxd5 Nxd5 4.e4 Nb6 {be in 
hosipal till 26th}  5.Nf3 {ok, hope it is nothing 
too serious}  e6 {thank u}  6.Bf4 Be7 7.Bb5+ Bd7 
8.Nc3 O-O 9.Rc1 a6 10.Bxd7 N8xd7 11.O-O c6 12.Re1 
a5 13.Qe2 a4 14.a3 Bh4 15.d5 cxd5 16.exd5 Nxd5 
17.Nxd5 exd5 18.Bc7 Qe7 19.Qxe7 Rfe8 20.Qxe8+ Rxe8 
21.Rxe8+ 1-0

[Event "ACL-A104"]
[Site "www.playchess.de"]
[Date "2001.03.08"]
[Round "7"]
[White "Qaurial"]
[Black "Smutje"]
[WhiteElo "1900"]
[BlackElo "1099"]
[PlyCount "33"]
[Result "1-0"]

1.e4 e5 2.Nc3 Qf6 3.Nd5 Qf4 4.Nxf4 exf4 5.Bc4 Nf6 
6.e5 Ne4 7.Qg4 Bc5 8.Qf5 O-O 9.Qxe4 Nc6 10.c3 a6 
11.d4 Bb6 12.Bd3 g6 13.Bxf4 f5 14.exf6 d6 15.Bh6 
Rxf6 16.Qe8+ Rf8 17.Qxf8+ 1-0

[Event "HCL-B203"]
[Site "www.playchess.de"]
[Date "2001.03.08"]
[Round "19"]
[White "Pocman"]
[Black "O_Man"]
[WhiteElo "1429"]
[BlackElo "1103"]
[PlyCount "41"]
[Result "1-0"]

1.e4 e5 2.Nf3 Nc6 3.Bc4 Bc5 4.c3 Nf6 5.d4 Bb6 6.d5 
Nxe4 7.O-O Na5 8.Nxe5 Bxf2+ 9.Rxf2 Nxf2 10.Qf3 Qe7 
11.d6 Qxe5 12.Qxf7+ Kd8 13.dxc7+ Kxc7 14.Bf4 Nxc4 
15.Qxc4+ Kd8 {nice}  16.Bxe5 {Thanks}  Rf8 17.Nd2 
b6 18.Bc7+ Ke7 19.Re1+ Kf6 20.Ne4+ Nxe4 
21.Rf1+ 1-0

[Event "ACL-A108"]
[Site "www.playchess.de"]
[Date "2001.03.08"]
[Round "2"]
[White "Vampyr"]
[Black "Winkler"]
[WhiteElo "1580"]
[BlackElo "1260"]
[PlyCount "35"]
[Result "1/2-1/2"]

1.e4 e5 2.Nf3 Nc6 3.Bb5 d6 {good luck and 
interesting game.Andreas}  4.c3 Bd7 5.d4 exd4 
6.cxd4 Be7 7.Nc3 {thanks}  a6 8.Ba4 b5 9.Bb3 Na5 
10.Bc2 c6 11.a4 b4 12.Na2 Rb8 13.b3 d5 14.e5 Bg4 
15.Qd3 Rb6 16.O-O Bxf3 17.Qxf3 Kf8 
18.Bd2 1/2-1/2

[Event "HCL-B217"]
[Site "www.playchess.de"]
[Date "2001.03.08"]
[Round "9"]
[White "Stephen21"]
[Black "Vampyr"]
[WhiteElo "1182"]
[BlackElo "1500"]
[PlyCount "28"]
[Result "1/2-1/2"]

1.Nf3 c5 2.c4 Nf6 3.Nc3 Nc6 4.d4 cxd4 5.Nxd4 e6 
6.Nxc6 bxc6 7.Bg5 Be7 8.Qd4 Qb6 9.Qd2 Ba6 10.Rd1 
d5 11.e4 Rd8 12.b4 dxc4 13.Qc2 O-O 14.e5 
Rxd1+ 1/2-1/2

[Event "HCL-C219"]
[Site "www.playchess.de"]
[Date "2001.03.08"]
[Round "10"]
[White "do7"]
[Black "foxzy"]
[WhiteElo "1000"]
[BlackElo "825"]
[PlyCount "62"]
[Result "0-1"]

1.Nc3 {Do you speak english?}  e5 {Yes. Good 
evening!}  2.e4 {good morning}  Nf6 3.Nf3 {Where 
do you live?(city)}  Nc6 {Recently, I'm in 
Princeton, USA.}  4.d3 {What did u know about 
Brazil?}  Bb4 {Sorry, I know little about Brazil.} 
 5.Bg5 {about what?}  d6 {Such as Brazil is the 
largest country in South America, etc.}  6.Bc1 
{about soccer?}  O-O {Yeah. I know that Brazil won 
5 times world cup, right?}  7.g3 {Wrong.Won 4 
times.China is very bad in soccer,right?}  Bg4 
{Yeah.}  8.h3 {What is china best sport?}  Bxf3 
{Such as table tennis, badminton, etc. Our women 
soccer are fairly good.}  9.Qxf3 {What's your 
religion?}  Nd4 {I'm a Christian. What about you?} 
 10.Qd1 {Catholic}  d5 11.a3 Bxc3+ 12.bxc3 Nb5 
13.Bb2 {ok}  dxe4 {Good evening!}  14.a4 {good 
morning!}  Nd6 {It is evening here.}  15.c4 {China 
is evening now?!}  exd3 {No. But I'm in Princeton, 
NJ, USA.}  16.cxd3 {Here is night.}  Re8 {It's 
7:00 pm here.}  17.c5 {it's 10:00pm here.}  Nc8 
18.d4 {Where is better there or China?}  exd4+ 
{The conditions here are better than China.}  
19.Be2 {What is your job?}  d3 {I'm a visitor in 
Princeton university. Are a student?}  20.Qxd3 
{I'm student.}  Qxd3 21.O-O Qxe2 {You did not so 
well in this game. :)}  22.f4 {Yes I'm bad.But the 
game not over.}  Qxb2 {I'm a biginner too.}  23.g4 
Ne4 {So, you are at home now?}  24.g5 {Sure and 
u?}  Ng3 {I'm at my office.}  25.Rfb1 {do u have 
icq?}  Qd4+ {No. What web site do you use?}  
26.Kg2 {IG}  Nf5 {www.ig.com ?}  27.Rxb7 {yes}  
Re2+ 28.Kf3 {Congratulation!}  Qf2+ {Thanks.}  
29.Kg4 Ne3+ 30.Kh5 {For my age i'm not very 
bad.What do u Think?}  g6+ {Yes. I think that when 
I was 14, I can not play as well as you.}  31.Kh6 
{CONGRATULATION!!!}  Qh4+ 0-1

[Event "HCL-A028"]
[Site "www.playchess.de"]
[Date "2001.03.09"]
[Round "30"]
[White "KingGeorge"]
[Black "Aussie_3340"]
[WhiteElo "1800"]
[BlackElo "1767"]
[PlyCount "71"]
[Result "1-0"]

1.f4 d5 2.Nf3 c5 3.e3 Nc6 4.Bb5 Bg4 5.O-O e6 6.b3 
Nf6 7.Bb2 Be7 8.Qe1 Bxf3 9.Rxf3 O-O 10.Bxc6 bxc6 
11.d3 Rb8 12.Nd2 Qb6 13.Kh1 Nd7 14.e4 Bf6 15.Bxf6 
Nxf6 16.e5 Ng4 17.h3 Nh6 18.g4 Rfe8 19.Qg3 Qa5 
20.Rf2 Qc3 21.Raf1 Qa5 22.f5 Kh8 23.f6 g6 24.a4 
Rb7 25.h4 Rb4 26.R2f4 Rxf4 27.Qxf4 Nxg4 28.Nf3 Qb4 
29.d4 h5 30.Rg1 Kh7 31.Ng5+ Kg8 32.Nf3 Kh7 33.Ng5+ 
Kg8 34.Nf3 Kh7 35.Rxg4 hxg4 36.Qxg4 1-0

[Event "HCL-A059"]
[Site "www.playchess.de"]
[Date "2001.03.09"]
[Round "4"]
[White "magicbishop"]
[Black "Pupser"]
[WhiteElo "1800"]
[BlackElo "1700"]
[PlyCount "40"]
[Result "0-1"]

1.e4 e6 2.d4 d5 3.Nc3 Nf6 4.Bg5 dxe4 5.Nxe4 Be7 
6.Bxf6 gxf6 7.Nf3 a6 8.g3 b5 9.Bg2 Bb7 10.Qe2 Bd5 
11.Nc3 c6 12.Nxd5 cxd5 13.c3 Nc6 14.a4 b4 15.c4 
dxc4 16.Qxc4 Na5 17.Qe2 Qb6 18.O-O Rd8 19.Rfd1 Kf8 
20.Qc2 Rd5 0-1

[Event "HCL-B099"]
[Site "www.playchess.de"]
[Date "2001.03.09"]
[Round "19"]
[White "Friarman"]
[Black "Hicks"]
[WhiteElo "1200"]
[BlackElo "1098"]
[PlyCount "57"]
[Result "1-0"]

1.e4 e6 2.d3 a5 3.b3 a4 4.bxa4 Rxa4 5.Nc3 Ra5 
6.Nf3 Rc5 7.Bb2 Rc6 8.Nb5 Bb4+ 9.Nd2 Rc5 10.Bxg7 
Rxb5 11.Bxh8 f6 12.d4 e5 13.dxe5 Rxe5 14.Qg4 Nh6 
15.Qf4 Nf7 16.Bxf6 Re7 17.Bxe7 Qxe7 18.Qxc7 Qd6 
19.Qxc8+ Ke7 20.Bd3 Ne5 21.Rd1 Nbc6 22.O-O Ng4 
23.g3 Qh6 24.Nc4 Qf8 25.Qxb7 Qh6 26.h4 Nd4 
27.Qxb4+ d6 28.e5 Nf3+ 29.Kh1 1-0

[Event "HCL-B099"]
[Site "www.playchess.de"]
[Date "2001.03.09"]
[Round "21"]
[White "terrydean"]
[Black "Hicks"]
[WhiteElo "1200"]
[BlackElo "1098"]
[PlyCount "61"]
[Result "1-0"]

1.e4 g6 2.d4 Nh6 3.Nf3 e6 4.Nc3 d6 5.Bb5+ Nc6 
6.Bxc6+ bxc6 7.O-O Rg8 8.h3 g5 9.Nh2 g4 10.Nxg4 
Nxg4 11.hxg4 e5 12.dxe5 Qh4 13.f3 Qg3 14.Qe1 Qxe1 
15.Rxe1 Rb8 16.exd6 Bxd6 17.e5 Bc5+ 18.Be3 Bd6 
19.exd6 cxd6 20.Bxa7+ Kd8 21.Bxb8 Ba6 22.Bxd6 Kd7 
23.Rad1 Rg6 24.Bb4+ Kc7 25.Re7+ Kb6 26.Rxf7 Bc8 
27.a4 Rg5 28.Rd8 Be6 29.Rb8+ Ka6 30.Rfb7 Rb5 
31.axb5+ 1-0

[Event "HCL-B129"]
[Site "www.playchess.de"]
[Date "2001.03.09"]
[Round "12"]
[White "darweyg"]
[Black "ca_blonde"]
[WhiteElo "991"]
[BlackElo "1750"]
[PlyCount "76"]
[Result "0-1"]

1.d4 d5 2.Nc3 c6 3.Nf3 Nf6 4.e3 e6 5.Bd3 c5 6.Bd2 
Be7 7.Bb5+ Bd7 8.Ne5 Bxb5 9.Nxb5 Nbd7 10.c3 Qb6 
11.a4 a6 12.Na3 Nxe5 13.dxe5 Nd7 14.f4 Qxb2 15.g3 
b5 16.a5 f6 17.O-O O-O 18.Qe2 b4 19.Rfb1 bxa3 
20.Rxb2 axb2 21.Rb1 Rfb8 22.Be1 fxe5 23.fxe5 Nxe5 
24.Bf2 Rb3 25.Rxb2 Rxc3 26.Be1 Rc1 27.Kf2 c4 
28.Kg2 Nd3 29.Rb7 Nxe1+ 30.Kh3 Bf6 31.Qd2 Nd3 
32.Qa2 Ra1 33.Qe2 Rxa5 34.Qh5 Rf8 35.Rb6 g6 36.Qh6 
Ra2 37.Rb7 Nf2+ 38.Kg2 Ng4+ 0-1

[Event "HCL-B131"]
[Site "www.playchess.de"]
[Date "2001.03.09"]
[Round "22"]
[White "victor"]
[Black "tuzlak"]
[WhiteElo "1200"]
[BlackElo "700"]
[PlyCount "35"]
[Result "1-0"]

1.e4 e5 2.Nf3 Nc6 3.Bc4 Bc5 4.c3 a5 5.d4 exd4 
6.cxd4 Bb4+ 7.Bd2 Nf6 8.Bxb4 Nxb4 9.Nc3 d6 10.O-O 
O-O 11.a3 d5 12.exd5 Nbxd5 13.Qb3 c6 14.Ne5 Nb6 
15.Bxf7+ Kh8 16.Be6 a4 17.Qa2 Bxe6 
18.Qxe6 1-0

[Event "HCL-B131"]
[Site "www.playchess.de"]
[Date "2001.03.09"]
[Round "23"]
[White "tuzlak"]
[Black "Takavor"]
[WhiteElo "700"]
[BlackElo "1500"]
[PlyCount "34"]
[Result "0-1"]

1.e4 e5 2.Nf3 Nc6 3.Bc4 f5 4.exf5 e4 5.Qe2 Qe7 
6.f6 Nxf6 7.Ng5 d5 8.Bb5 Bd7 9.d4 a6 10.Ba4 h6 
11.Nh3 b5 12.Bb3 Bxh3 13.gxh3 Nxd4 14.Qe3 Nxb3 
15.Qxb3 Qd7 16.Be3 Qxh3 17.Nc3 
Qd7 0-1

[Event "HCL-B142"]
[Site "www.playchess.de"]
[Date "2001.03.09"]
[Round "19"]
[White "tuzlak"]
[Black "OObuc"]
[WhiteElo "700"]
[BlackElo "1181"]
[PlyCount "22"]
[Result "0-1"]

1.e4 c5 2.Bc4 g6 3.Nf3 e6 4.e5 d5 5.d6 Qxd6 6.Nc3 
Qf4 7.d3 Qg4 8.O-O Bd6 9.h3 Qf5 10.Bg5 Nd7 11.g4 
Qe5 0-1

[Event "HCL-C061"]
[Site "www.playchess.de"]
[Date "2001.03.09"]
[Round "6"]
[White "Robama"]
[Black "Nunogomez"]
[WhiteElo "1000"]
[BlackElo "847"]
[PlyCount "72"]
[Result "0-1"]

1.e3 d5 2.Bb5+ c6 3.Bd3 e5 4.Qh5 e4 5.Be2 Nf6 
6.Qh4 Be7 7.Qg5 g6 8.Qh6 Na6 9.Na3 Bg4 10.Qg7 Rg8 
11.Qh6 Nc5 12.h3 Bxe2 13.Nxe2 Ne6 14.d4 Rh8 15.g4 
g5 16.Nc3 Bf8 17.Qh5 Nxh5 18.gxh5 h6 19.Ne2 Bxa3 
20.bxa3 c5 21.dxc5 Qa5+ 22.c3 Nxc5 23.O-O Nd3 
24.Rb1 Nxc1 25.Rfxc1 Qxa3 26.Rxb7 Qxa2 27.Nd4 Qa3 
28.Nb5 Qa5 29.Nd6+ Kf8 30.Nxf7 Rh7 31.Nd6 Rxb7 
32.Nxb7 Qa3 33.f4 Qxc1+ 34.Kg2 Qb2+ 35.Kg3 Qxb7 
36.fxg5 Qg7 0-1

[Event "HCL-C092"]
[Site "www.playchess.de"]
[Date "2001.03.09"]
[Round "21"]
[White "Mal"]
[Black "kosugi"]
[WhiteElo "901"]
[BlackElo "1000"]
[PlyCount "41"]
[Result "1-0"]

1.e4 e5 2.Nf3 Nc6 3.d4 exd4 4.Nxd4 Nf6 5.f3 Bc5 
6.Nxc6 bxc6 7.f4 Nxe4 8.Nc3 Nxc3 9.bxc3 O-O 10.c4 
Re8+ 11.Be2 Ba6 12.g4 Bxc4 13.Qd2 Rxe2+ 14.Qxe2 
Bxe2 15.Kxe2 Qf6 16.g5 Re8+ 17.Kf1 Qxa1 18.Kg2 
Re2+ 19.Kf3 Re3+ 20.Bxe3 Qxh1+ 
21.Kf2 1-0

[Event "HCL-C117"]
[Site "www.playchess.de"]
[Date "2001.03.09"]
[Round "16"]
[White "Alcoholic"]
[Black "nikk"]
[WhiteElo "1000"]
[BlackElo "1118"]
[PlyCount "34"]
[Result "0-1"]

1.d4 Nf6 2.c4 e6 3.Nc3 Bb4 4.Qc2 O-O 5.a3 Bxc3+ 
6.Qxc3 b6 7.Nf3 Bb7 8.e3 d6 9.Be2 Nbd7 10.O-O Ne4 
11.Qd3 f5 12.b4 Qe7 13.Bb2 Rad8 14.Nd2 Ndf6 15.Nb3 
c5 16.f3 Ng5 17.b5 h6 0-1

[Event "HCL-C120"]
[Site "www.playchess.de"]
[Date "2001.03.09"]
[Round "30"]
[White "ROB"]
[Black "MarcoPolo"]
[WhiteElo "1000"]
[BlackElo "1224"]
[PlyCount "27"]
[Result "1-0"]

1.e4 Nf6 2.Nc3 d6 3.Bc4 Be6 4.Nd5 Nxe4 5.d3 Nf6 
6.Nxf6+ exf6 7.Nf3 g5 8.h3 Qe7 9.O-O g4 10.hxg4 
Bxg4 11.Bd2 Nc6 12.Bc3 O-O-O 13.Re1 Ne5 
14.Bxe5 1-0

[Event "HCL-C134"]
[Site "www.playchess.de"]
[Date "2001.03.09"]
[Round "4"]
[White "comitnt014"]
[Black "smsemb"]
[WhiteElo "917"]
[BlackElo "1401"]
[PlyCount "42"]
[Result "0-1"]

1.d4 d5 2.Nc3 Nf6 3.Bg5 e6 4.e3 Nbd7 5.e4 Be7 6.e5 
Ne4 7.Bxe7 Qxe7 8.Nxe4 dxe4 9.Ne2 Qb4+ 10.Nc3 Qxb2 
11.Nxe4 Qb4+ 12.c3 Qe7 13.Qg4 O-O 14.Bd3 Rd8 
15.Ng5 h6 16.h4 f5 17.Qh5 Nxe5 18.dxe5 Rxd3 19.Qg6 
Kf8 20.Rb1 hxg5 21.hxg5 Qf7 0-1

[Event "HCL-C148"]
[Site "www.playchess.de"]
[Date "2001.03.09"]
[Round "5"]
[White "babycakes"]
[Black "surak"]
[WhiteElo "661"]
[BlackElo "1235"]
[PlyCount "24"]
[Result "0-1"]

1.e4 e6 2.d4 d5 3.Bd3 c5 4.exd5 exd5 5.Nf3 Bg4 
6.Be3 Qb6 7.b3 Nc6 8.Qe2 cxd4 9.Bxd4+ Nge7 10.Bxb6 
axb6 11.h3 Bh5 12.g4 Bg6 0-1

[Event "ACL-A066"]
[Site "www.playchess.de"]
[Date "2001.03.09"]
[Round "9"]
[White "comitnt014"]
[Black "fadda"]
[WhiteElo "1500"]
[BlackElo "1229"]
[PlyCount "21"]
[Result "1-0"]

1.d4 d5 2.Nc3 Nf6 3.Bg5 e6 4.e4 h6 5.Bf4 Bb4 
6.Bb5+ c6 7.Ba4 Nxe4 8.Qd3 b5 9.Bxb5 Bxc3+ 10.bxc3 
cxb5 11.Qxb5+ 1-0

[Event "ACL-A066"]
[Site "www.playchess.de"]
[Date "2001.03.09"]
[Round "10"]
[White "tuzlak"]
[Black "comitnt014"]
[WhiteElo "1335"]
[BlackElo "1500"]
[PlyCount "22"]
[Result "0-1"]

1.e4 e5 2.Nf3 d6 3.d4 exd4 4.Nxd4 d5 5.exd5 Qxd5 
6.Nc3 Bb4 7.Qe2+ Ne7 8.Qe3 a6 9.Bd2 Qd6 10.Nf5 
Bxf5 11.O-O-O Qc6 0-1

[Event "HCL-A069"]
[Site "www.playchess.de"]
[Date "2001.03.09"]
[Round "11"]
[White "raghavendrakarthik"]
[Black "Belka"]
[WhiteElo "1585"]
[BlackElo "1736"]
[PlyCount "22"]
[Result "0-1"]

1.Nf3 c5 2.g3 d5 3.d4 Nc6 4.dxc5 {hi.where r u 
from.greetings to u}  e5 {Hi. From Belarus}  5.Nc3 
d4 6.Ne4 Qd5 7.Qd3 {what do u speak at home?}  f5 
{Concerning what?}  8.Nc3 Qxc5 9.Na4 Qa5+ 10.Bd2 
Qxa4 11.Nh4 {how is life in belarus?}  Nb4 
{Difficult :(}  0-1

[Event "HCL-B153"]
[Site "www.playchess.de"]
[Date "2001.03.09"]
[Round "4"]
[White "Scorpio"]
[Black "Pelikan"]
[WhiteElo "1229"]
[BlackElo "1380"]
[PlyCount "20"]
[Result "0-1"]

1.Nf3 d5 2.g3 Nf6 3.Bg2 Bf5 4.d4 e6 5.O-O Nc6 
6.Nc3 Be7 7.Bf4 Nh5 8.e3 g5 9.Ne5 Ng7 10.Nxf7 
Kxf7 0-1

[Event "HCL-A071"]
[Site "www.playchess.de"]
[Date "2001.03.09"]
[Round "19"]
[White "Bishopf7"]
[Black "kherubim"]
[WhiteElo "1700"]
[BlackElo "1667"]
[PlyCount "22"]
[Result "0-1"]

1.d4 Nf6 2.c4 e6 3.Nf3 b6 4.a3 Bb7 5.Nc3 d5 6.Bg5 
Be7 7.cxd5 Nxd5 8.Bxe7 Qxe7 9.Nxd5 Bxd5 10.e3 O-O 
11.Bd3 Nd7 0-1

[Event "HCL-C168"]
[Site "www.playchess.de"]
[Date "2001.03.09"]
[Round "3"]
[White "Miky"]
[Black "Mordechai"]
[WhiteElo "1000"]
[BlackElo "1000"]
[PlyCount "24"]
[Result "0-1"]

1.d4 Nf6 2.f3 d5 3.e3 c5 4.dxc5 e6 5.b4 a5 6.Ba3 
b6 7.Qd4 axb4 8.Bxb4 bxc5 9.Bxc5 Qa5+ 10.Qb4 Qxc5 
11.Qxc5 {sorry,I've been away}  Bxc5 12.Kf2 
Nc6 0-1

[Event "HCL-C174"]
[Site "www.playchess.de"]
[Date "2001.03.09"]
[Round "1"]
[White "yaroslav"]
[Black "AtillaX"]
[WhiteElo "1000"]
[BlackElo "1000"]
[PlyCount "29"]
[Result "1-0"]

1.f4 {hello}  Nf6 {hello}  2.Nf3 Nc6 3.e3 e5 
4.fxe5 d5 5.exf6 gxf6 6.c4 Qd6 7.d3 Rg8 8.Nc3 Rg6 
9.Nb5 Qb4+ 10.Bd2 Qxb2 11.Nxc7+ Kd8 12.Nxa8 Nb4 
13.Rb1 Qxa2 14.Bxb4 Ke8 15.Nc7+ 1-0

[Event "ACL-A091"]
[Site "www.playchess.de"]
[Date "2001.03.09"]
[Round "13"]
[White "yaroslav"]
[Black "Drawmaster"]
[WhiteElo "1500"]
[BlackElo "1500"]
[PlyCount "33"]
[Result "1-0"]

1.f4 e5 {Best of luck}  2.fxe5 d6 3.exd6 {good 
luck}  Bxd6 4.Nf3 {thanks}  g5 5.b3 g4 6.Nd4 Qh4+ 
7.g3 Qf6 8.Bb2 Bd7 9.c3 Nc6 10.e3 O-O-O 11.c4 Qe7 
12.Nxc6 Bxc6 13.Rg1 h5 14.Bxh8 Bc5 15.Qe2 Nh6 
16.Qf2 Rxh8 17.d4 1-0

[Event "HCL-C180"]
[Site "www.playchess.de"]
[Date "2001.03.09"]
[Round "3"]
[White "ictus"]
[Black "Fiver"]
[WhiteElo "1276"]
[BlackElo "1005"]
[PlyCount "46"]
[Result "0-1"]

1.e4 e5 2.Nf3 Nc6 3.Bc4 Bc5 4.O-O Nf6 5.d3 h6 
6.Bb3 O-O 7.c3 d5 8.d4 dxe4 9.Nxe5 Nxe5 10.dxe5 
Ng4 11.Qxd8 Rxd8 {I shall be away from later today 
until Sunday afternoon so will probably not play 
again until Monday}  12.Bf4 g5 13.Bg3 e3 14.Na3 e2 
15.Rfe1 Bxa3 16.bxa3 Rd2 17.h3 Be6 18.Bxe6 fxe6 
19.hxg4 Rad8 20.f3 R2d1 21.Kf2 Rxa1 22.Rxa1 Rd1 
23.Kxe2 Rxa1 0-1

[Event "HCL-C179"]
[Site "www.playchess.de"]
[Date "2001.03.09"]
[Round "14"]
[White "guigao"]
[Black "tom"]
[WhiteElo "1000"]
[BlackElo "1000"]
[PlyCount "33"]
[Result "1-0"]

1.e4 e5 2.Qh5 Bc5 3.Qxe5+ Qe7 4.Qxg7 Qf6 5.Qg3 Nc6 
6.c3 d6 7.d4 Nxd4 8.cxd4 Bxd4 9.Bc4 Be6 10.Bxe6 
fxe6 11.Nc3 O-O-O 12.Bg5 Bxf2+ 13.Qxf2 Qxg5 14.Nf3 
Qa5 15.O-O Ne7 16.Nd4 Rhf8 17.Qh4 1-0

[Event "HCL-B172"]
[Site "www.playchess.de"]
[Date "2001.03.09"]
[Round "11"]
[White "victor"]
[Black "Nulnulnix"]
[WhiteElo "1567"]
[BlackElo "945"]
[PlyCount "46"]
[Result "0-1"]

1.e4 e5 2.Nf3 Nf6 3.Nxe5 Qe7 4.Nf3 Nxe4 5.Qe2 h6 
6.d3 Nf6 7.Nc3 d5 8.Qxe7+ Bxe7 9.Be2 c6 10.O-O Be6 
11.Bf4 Nbd7 12.Nd4 O-O 13.Nxe6 fxe6 14.Rfe1 d4 
15.Ne4 Nxe4 16.dxe4 Rxf4 17.Bd3 e5 18.g3 Rf6 19.a4 
Bb4 20.Red1 Kh8 21.Rac1 Nc5 22.Bc4 Nxe4 23.Rdf1 
Nd2 0-1

[Event "HCL-B183"]
[Site "www.playchess.de"]
[Date "2001.03.09"]
[Round "9"]
[White "Translightor"]
[Black "sonnygarcia"]
[WhiteElo "1415"]
[BlackElo "1144"]
[PlyCount "69"]
[Result "1-0"]

1.e4 {Hello & Good luck!}  e6 2.d4 d5 3.Nd2 dxe4 
4.Nxe4 Qd5 5.Nc3 Bb4 6.Nf3 Nf6 7.Bd2 Bxc3 8.Bxc3 
Ne4 9.Bd3 Nxc3 10.bxc3 c5 11.O-O Nc6 12.c4 Qd6 
13.d5 Ne5 14.Nxe5 Qxe5 15.Re1 Qd6 16.dxe6 Bxe6 
17.Qf3 O-O-O 18.Rab1 b6 19.Rbd1 Qc7 20.h3 Qb7 
21.Be4 Qa6 22.Bd5 Bxd5 23.cxd5 Qb7 24.c4 Rd6 
25.Qg4+ Kb8 26.Qxg7 Rdd8 27.Qf6 Rhg8 28.Re7 Qc8 
29.Qxf7 Rdf8 30.Qe6 Qxe6 31.dxe6 Rf6 32.Rdd7 Rgf8 
33.Rdb7+ Kc8 34.Rec7+ Kd8 35.e7+ 1-0

[Event "HCL-B189"]
[Site "www.playchess.de"]
[Date "2001.03.09"]
[Round "4"]
[White "assmonkey"]
[Black "ggaarrii"]
[WhiteElo "1048"]
[BlackElo "1308"]
[PlyCount "48"]
[Result "0-1"]

1.e4 {Drago mi je. Sretno!}  c5 {Hej! :)! Odakle 
si!}  2.Nf3 {Sorry, I really don't speak Croatian, 
I just looked up some phrases on the internet.}  
Nc6 {Well you got it all right! you fooled me :)}  
3.d4 {What does 'Hej' and 'Okadle si' mean?}  cxd4 
{Hej means Hey! and Odakle si means where r u 
from!}  4.Nxd4 {I am from Boston, a city in the 
norteastern part of America.  What about you?}  
Nf6 {I am located in Umag,Croatia, Northern 
Adriatic coast and i like Boston Celtics :))}  
5.Nc3 {Me too.}  d6 6.Bc4 e6 7.O-O Be7 8.Be3 a6 
9.Re1 Qc7 10.b3 {Do you live near the sea?}  b5 {I 
am looking at it right now!}  11.Bd3 {I saw some 
pictures of Umag on the interent.  It looks like a 
nice city.}  Bb7 12.Qf3 Ne5 13.Qe2 Qxc3 14.Qd2 
Qxd2 15.Bxd2 Nxd3 16.cxd3 O-O 17.h3 d5 {80 000 
tourists during summer! i guess it's nice then but 
i'm living here soo i can't realy tell....}  
18.Rac1 {Does it snow in Umag?  We just got two 
feet (2/3 meter) of snow.}  Rfc8 {Yes, about 1 
inch every 10th year, but we have ski centers 100 
miles from here in Italy and Slovenia}  19.e5 {Do 
you ever go skiing?}  Nd7 {Actually, snowboarding! 
Do you?}  20.b4 {I went skiing last year, didn't 
get a chance to go this year.}  Rab8 {Where? In 
Aspen?(thaht's the only 1 i know in USA-from 
movies :-)}  21.Bf4 {No, in New Hampshire, it's 
about an hour away from Boston.}  Bxb4 {oh, i know 
where New hampshire is! I have a friend in New 
yersey}  22.Rxc8+ Rxc8 23.Rc1 Rxc1+ 24.Bxc1 
Nc5 0-1

[Event "ACL-A100"]
[Site "www.playchess.de"]
[Date "2001.03.09"]
[Round "19"]
[White "leo"]
[Black "deepcover"]
[WhiteElo "1500"]
[BlackElo "1696"]
[PlyCount "24"]
[Result "0-1"]

1.e4 c5 2.Nf3 d6 3.d4 cxd4 4.Nxd4 Nf6 5.Nc3 a6 
6.Bg5 e6 7.f4 Be7 8.Qf3 Qc7 9.O-O-O Nbd7 10.g4 b5 
11.Bxf6 Nxf6 12.g5 Nd7 0-1

[Event "HCL-A088"]
[Site "www.playchess.de"]
[Date "2001.03.09"]
[Round "9"]
[White "Lydeking"]
[Black "Dead_Pay"]
[WhiteElo "1662"]
[BlackElo "1700"]
[PlyCount "21"]
[Result "1-0"]

1.d4 Nf6 {YO.}  2.c4 c5 3.d5 d6 {Jag vet inte.}  
4.Nc3 g6 5.e4 Bg7 6.f4 e6 7.Nf3 exd5 8.cxd5 O-O 
9.Bd3 Qb6 10.Na4 Qc7 11.O-O 1-0

[Event "HCL-A088"]
[Site "www.playchess.de"]
[Date "2001.03.09"]
[Round "18"]
[White "markjburden"]
[Black "Dead_Pay"]
[WhiteElo "1359"]
[BlackElo "1700"]
[PlyCount "21"]
[Result "1-0"]

1.e4 c5 {yo mama}  2.Nf3 Nc6 3.Bb5 e6 4.Nc3 a6 
5.Bxc6 bxc6 6.d3 d5 7.e5 Be7 8.d4 Rb8 9.O-O 
{almost thought you'd given up :)}  h6 {no....i 
just am busy with school and hanging in the hood 
and playing in the fide and drinking beer..}  
10.a3 {ahh beer - !!!}  a5 {Truly! manna from the 
heavens....}  11.Be3 {then of course there's red 
wine a bottle or ......}  1-0

[Event "HCL-B196"]
[Site "www.playchess.de"]
[Date "2001.03.09"]
[Round "17"]
[White "cmcmark"]
[Black "sonnygarcia"]
[WhiteElo "1200"]
[BlackElo "1134"]
[PlyCount "27"]
[Result "1-0"]

1.e4 e6 2.d4 b6 {I am from Manila.}  3.c4 {I'm now 
in Virginia, USA still in the Navy}  Bb7 4.f3 c5 
5.d5 Bd6 6.Nc3 Ne7 7.dxe6 dxe6 8.Be3 Nd7 9.Qxd6 
O-O 10.Rd1 Bc6 11.Bg5 f6 12.Qxe6+ Kh8 13.Bh4 Qc7 
14.Qxe7 1-0